| 000 | 00382nam a2200145Ia 4500 | ||
|---|---|---|---|
| 005 | 20250729165721.0 | ||
| 008 | 250729s2011 xx 000 0 und d | ||
| 041 | _aeng | ||
| 082 | _a370.15 SAFM | ||
| 100 |
_aDr.R.N.Safaya _9231289 |
||
| 245 | _aModern Educational Psychology | ||
| 260 |
_aNewdelhi _bDanpat Rai Publication _c2011 |
||
| 300 | _a610p | ||
| 650 |
_aPsychology _9231290 |
||
| 999 |
_c239207 _d239207 |
||